| Tag |
First Indicator |
Second Indicator |
Subfields |
| LEADER |
00000cam a2200000 a 4500 |
| 001 |
in00002724708 |
| 006 |
m d |
| 007 |
cr cn||||||||| |
| 008 |
080821s2012 maua o 001 0 eng d |
| 005 |
20250816205305.1 |
| 010 |
|
|
|z 2008935838
|
| 020 |
|
|
|z 9781598638516 (pbk.)
|
| 020 |
|
|
|z 1598638513 (pbk.)
|
| 020 |
|
|
|z 9781435455894 (e-book)
|
| 035 |
|
|
|a (CaPaEBR)ebr10480996
|
| 040 |
|
|
|a CaPaEBR
|c CaPaEBR
|d UtOrBLW
|
| 050 |
1 |
4 |
|a QA76.76.C672
|b D358 2012eb
|
| 082 |
0 |
4 |
|a 794.81526
|2 22
|
| 100 |
1 |
|
|a Darby, Jason,
|d 1972-
|
| 245 |
1 |
0 |
|a Wizards and warriors :
|b massively multiplayer online game creation /
|c Jason Darby.
|
| 264 |
|
1 |
|a Boston, Mass. :
|b Course Technology PTR,
|c [2012]
|
| 264 |
|
4 |
|c ©2012
|
| 300 |
|
|
|a xvi, 320 pages :
|b illustrations
|
| 336 |
|
|
|a text
|b txt
|2 rdacontent
|
| 337 |
|
|
|a computer
|b c
|2 rdamedia
|
| 338 |
|
|
|a online resource
|b cr
|2 rdacarrier
|
| 500 |
|
|
|a Includes index.
|
| 533 |
|
|
|a Electronic reproduction.
|b Palo Alto, Calif. :
|c ebrary,
|d 2012.
|n Available via World Wide Web.
|n Access may be limited to ebrary affiliated libraries.
|
| 500 |
|
|
|a Electronic resource.
|
| 650 |
|
0 |
|a Computer games
|x Programming.
|
| 655 |
|
7 |
|a Electronic books.
|2 local
|
| 710 |
2 |
|
|a ebrary, Inc.
|
| 856 |
4 |
0 |
|u https://ebookcentral.proquest.com/lib/tamucs/detail.action?docID=3136474
|y Connect to the full text of this electronic book
|t 0
|
| 980 |
|
|
|a 110802
|b 39.99
|c USD
|e 59.99
|f YBP_EBR0000019056
|g 1
|
| 999 |
f |
f |
|s 4af420cf-d5e1-329b-8164-32247c5736c0
|i fcdef3be-6ffb-34fd-89f3-edb8530df4e1
|t 0
|
| 999 |
|
|
|a MARS
|
| 952 |
f |
f |
|a Texas A&M University
|b College Station
|c Electronic Resources
|d Available Online
|t 0
|e QA76.76.C672 D358 2012eb
|h Library of Congress classification
|
| 998 |
f |
f |
|a QA76.76.C672 D358 2012eb
|t 0
|l Available Online
|